000 00318nam a2200133Ia 4500
008 210210b2000 xxu||||| |||| 00| 0 eng d
082 _a425 KRIM
100 _aKRISHNASWAMY (N).
245 _aModern english grammar.
260 _a
_bNot Mentioned
_c2000
300 _a56
690 _aEnglish Grammar
906 _a037552
999 _c88015
_d88015